Mexico : Financial Sector Assessment Program Update; Technical Note; Industrial Organization and Competition; Pension System in Mexico.

The technical note on Mexico's Financial Sector Assessment Program update analyzes that the private pension system's regulator in Mexico has introduced innovate rules. Mexico, as with many other countries in Latin America, has adopted an individual capitalization pension system. The design...

Full description

Bibliographic Details
Corporate Author: International Monetary Fund
Format: Journal
Language:English
Published: Washington, D.C. : International Monetary Fund, 2007.
Series:IMF Staff Country Reports; Country Report ; No. 2007/164
Online Access:Full text available on IMF
LEADER 01643cas a2200241 a 4500
001 AALejournalIMF009293
008 230101c9999 xx r poo 0 0eng d
020 |c 5.00 USD 
020 |z 9781451825725 
022 |a 1934-7685 
040 |a BD-DhAAL  |c BD-DhAAL 
110 2 |a International Monetary Fund. 
245 1 0 |a Mexico :   |b Financial Sector Assessment Program Update; Technical Note; Industrial Organization and Competition; Pension System in Mexico. 
264 1 |a Washington, D.C. :  |b International Monetary Fund,  |c 2007. 
300 |a 1 online resource (23 pages) 
490 1 |a IMF Staff Country Reports 
500 |a <strong>Off-Campus Access:</strong> No User ID or Password Required 
500 |a <strong>On-Campus Access:</strong> No User ID or Password Required 
506 |a Electronic access restricted to authorized BRAC University faculty, staff and students 
520 3 |a The technical note on Mexico's Financial Sector Assessment Program update analyzes that the private pension system's regulator in Mexico has introduced innovate rules. Mexico, as with many other countries in Latin America, has adopted an individual capitalization pension system. The design of these pension reforms confers the administration of pension funds to private companies. Under these schemes, competition plays a key role, keeping prices low, a good quality of service, and an efficient investment allocation. 
538 |a Mode of access: Internet 
830 0 |a IMF Staff Country Reports; Country Report ;  |v No. 2007/164 
856 4 0 |z Full text available on IMF  |u http://elibrary.imf.org/view/journals/002/2007/164/002.2007.issue-164-en.xml  |z IMF e-Library